000 00434nam a2200133Ia 4500
008 100328s9999 xx 000 0 und d
082 _b3133
100 _aगांधी महात्मा
245 _aहिंदी स्वराज्य
260 _bउपायाय मार्तएड
630 _aहिंदी स्वराज्य
730 _aहिंदी स्वराज्य
942 _cBOOK
999 _c499285
_d499282